[Event "10th EICC"]
[Site "Budva MNE"]
[Date "2009.03.08"]
[Round "3"]
[White "Pecurica,M"]
[Black "Chapman,T"]
[Result "1-0"]
[WhiteElo "1934"]
[BlackElo "2251"]
[EventDate "2009.03.06"]

1. d4 d5 2. c4 e6 3. Nc3 c6 4. Nf3 dxc4 5. a4 Bb4 6. e4 b5 7. g3 Nf6 8. e5
Nd5 9. Bd2 Nxc3 10. bxc3 Be7 11. Bg2 Bb7 12. h4 Nd7 13. Ng5 Bxg5 14. hxg5
Qc7 15. Qf3 Rb8 16. g6 fxg6 17. Qg4 Nf8 18. axb5 cxb5 19. Rxa7 Qb6 20. Rxb7
Rxb7 21. Bxb7 Qxb7 22. O-O Qc6 23. Bc1 h5 24. Qg5 b4 25. cxb4 h4 26. b5
Qxb5 27. Ba3 Qb7 28. gxh4 Rh5 29. Qg4 Rf5 30. Bxf8 Kxf8 31. Qxg6 Qe4 32.
Ra1 c3 33. Qg2 Qxd4 34. Qa8+ Kf7 35. Ra7+ Kg6 36. Qg2+ Kh5 37. Rxg7 Qd1+
38. Kh2 Qf3 39. Rh7+ 1-0

[Event "10th EICC"]
[Site "Budva MNE"]
[Date "2009.03.08"]
[Round "3"]
[White "Plenca,J"]
[Black "Karisik,N"]
[Result "1-0"]
[WhiteElo "2248"]
[BlackElo "2023"]
[EventDate "2009.03.06"]

1. e4 c5 2. Nf3 e6 3. d4 cxd4 4. Nxd4 Nf6 5. Bd3 d6 6. O-O Be7 7. c4 Nc6 8.
Nxc6 bxc6 9. Nc3 O-O 10. Be3 e5 11. h3 g6 12. Qc2 Nh5 13. c5 Bg5 14. Rfe1
f5 15. exf5 d5 16. fxg6 e4 17. gxh7+ Kh8 18. Bxe4 dxe4 19. Nxe4 Bxe3 20.
Rxe3 Bf5 21. Qc3+ Kxh7 22. Qe5 Qd5 23. Qe7+ Kg8 24. Qg5+ Ng7 25. Nf6+ Rxf6
26. Qxf6 Rf8 27. Qc3 Kh7 28. Rae1 Rf7 29. Re5 Qxa2 30. Qd4 Bg6 31. Re7 Kg8
32. Rxf7 Bxf7 33. Qd8+ Kh7 34. Qf6 Kg8 35. Re3 Kf8 36. Kh2 a5 37. b3 1-0

[Event "10th EICC"]
[Site "Budva MNE"]
[Date "2009.03.08"]
[Round "3"]
[White "Susak,Z"]
[Black "Dedic,S"]
[Result "1-0"]
[WhiteElo "2229"]
[BlackElo "1968"]
[EventDate "2009.03.06"]

1. e4 c6 2. d4 d5 3. e5 e6 4. Nf3 b6 5. c3 Ba6 6. Bxa6 Nxa6 7. Qa4 Nb8 8.
O-O h6 9. Be3 Ne7 10. Nbd2 Nf5 11. c4 Nxe3 12. fxe3 Be7 13. cxd5 Qxd5 14.
Qc2 O-O 15. Ne4 Rd8 16. Nc3 Qd7 17. Qe4 Na6 18. Qg4 Nb4 19. Ne4 Nc2 20.
Nf6+ Bxf6 21. exf6 g6 22. Qf4 Kh7 23. Ne5 Qe8 24. Rac1 Nb4 25. Rf3 Nd5 26.
Qe4 Rac8 27. Rcf1 Rc7 28. Rh3 Qf8 29. Ng4 Nxf6 30. Nxf6+ Kg7 31. Qf4 1-0

[Event "10th EICC"]
[Site "Budva MNE"]
[Date "2009.03.08"]
[Round "3"]
[White "Kopischke,M"]
[Black "Maevsky,N"]
[Result "0-1"]
[WhiteElo "1910"]
[BlackElo "2223"]
[EventDate "2009.03.06"]

1. Nf3 Nf6 2. g3 b5 3. Bg2 Bb7 4. O-O e6 5. d3 c5 6. e4 d6 7. c3 Nbd7 8.
Nbd2 Be7 9. Qe2 O-O 10. d4 a6 11. Re1 cxd4 12. Nxd4 Nb6 13. e5 Nfd5 14.
exd6 Bxd6 15. Ne4 Be7 16. h4 h6 17. Qh5 Qe8 18. Bxh6 f5 19. Qxe8 Rfxe8 20.
Bxg7 Kxg7 21. Nxe6+ Kg8 22. N4g5 Bxg5 23. Nxg5 Rad8 24. h5 Bc8 25. Rad1 Nf6
26. Rxd8 Rxd8 27. h6 Nh7 28. f4 Nxg5 29. fxg5 Kf7 30. Re5 Kg6 31. g4 Kxg5
32. gxf5 Kxh6 33. Bb7 Nc4 34. Re7 Rd1+ 35. Kf2 Bxb7 36. Rxb7 Rd2+ 37. Ke1
Rxb2 38. f6 Rxa2 39. Rg7 Ne5 0-1

[Event "10th EICC"]
[Site "Budva MNE"]
[Date "2009.03.08"]
[Round "3"]
[White "Pejovic,J"]
[Black "Kanceljak,D"]
[Result "1-0"]
[WhiteElo "2214"]
[BlackElo "1917"]
[EventDate "2009.03.06"]

1. d4 Nf6 2. c4 g6 3. Nc3 Bg7 4. e4 d6 5. f3 O-O 6. Bg5 c5 7. d5 h6 8. Be3
e6 9. Qd2 exd5 10. cxd5 Re8 11. Nge2 Kh7 12. Nc1 Nbd7 13. Be2 a6 14. a4 Qa5
15. Ra3 Ne5 16. O-O Rb8 17. Qc2 Qc7 18. a5 b5 19. axb6 Rxb6 20. Nd1 Qb7 21.
Bd2 Nxd5 22. exd5 Bf5 23. Qa4 Bd7 24. Qa5 Rb8 25. f4 Ng4 26. Bc3 Qxd5 27.
Bxg7 Kxg7 28. Qc3+ Nf6 29. Rxa6 Rb4 30. Ne3 Qe6 31. f5 Qe4 32. Rxd6 Rd4 33.
Rxd7 Rxd7 34. fxg6 Qxg6 35. Rf3 Kh7 36. Rxf6 Qe4 37. Rxf7+ Kg8 1-0

[Event "10th EICC"]
[Site "Budva MNE"]
[Date "2009.03.08"]
[Round "3"]
[White "Mikavica,M"]
[Black "Gagic,M"]
[Result "1-0"]
[WhiteElo "2211"]
[BlackElo "1880"]
[EventDate "2009.03.06"]

1. d4 d5 2. c4 c6 3. Nc3 Nf6 4. e3 a6 5. cxd5 cxd5 6. Bd3 Nc6 7. Nf3 Bg4 8.
O-O e6 9. Bd2 Be7 10. Rc1 O-O 11. a3 Rc8 12. b4 b5 13. h3 Bh5 14. g4 Bg6
15. Bxg6 hxg6 16. Qe2 Nd7 17. Ne1 Nb6 18. Nd3 Nc4 19. Ra1 Qd7 20. Rfd1 g5
21. Be1 Bd6 22. Nc5 Bxc5 23. dxc5 Qe7 24. f4 f5 25. gxf5 gxf4 26. exf4 Rxf5
27. Bg3 Qf6 28. Rd3 Qh6 29. Re1 Nd8 30. Kh2 Rc7 31. Ne4 Rh5 32. Ng5 Rd7 33.
Qg4 Qg6 34. Qf3 Rh6 35. Kg2 Kf8 36. h4 Qf5 37. Re2 Nf7 38. Rd1 Rf6 39. Qh5
Rh6 40. Qf3 Rf6 41. Rde1 Nd8 42. Bf2 Rh6 43. Kg3 Rc7 44. Bd4 Rc6 45. Qc3
Rg6 46. Qf3 Rc7 47. h5 Rh6 48. Be5 Rc6 49. Qc3 Rxh5 50. Bxg7+ Ke7 51. Be5
Nf7 52. Bd6+ Ncxd6 53. cxd6+ Kd7 54. Qg7 Rc3+ 55. Qxc3 Nxd6 56. Qg7+ Kc8
57. Qg8+ Kb7 58. Qxe6 1-0

[Event "10th EICC"]
[Site "Budva MNE"]
[Date "2009.03.09"]
[Round "4"]
[White "Inarkiev,E"]
[Black "Kozul,Z"]
[Result "1-0"]
[WhiteElo "2656"]
[BlackElo "2594"]
[EventDate "2009.03.06"]

1. e4 c5 2. Nf3 d6 3. d4 cxd4 4. Nxd4 Nf6 5. Nc3 Nc6 6. Bg5 e6 7. Qd2 a6 8.
O-O-O Bd7 9. f3 Qc7 10. Kb1 Be7 11. Be3 Rc8 12. g4 Ne5 13. h4 b5 14. Bd3
Nc4 15. Bxc4 Qxc4 16. Nce2 e5 17. Nf5 Bxf5 18. exf5 d5 19. Bg5 O-O 20. Bxf6
gxf6 21. g5 Rfd8 22. Rhg1 Kf8 23. Rg4 e4 24. g6 hxg6 25. fxg6 e3 26. g7+
Kg8 27. Rxc4 exd2 28. Rxc8 Rxc8 29. Rxd2 Rc4 30. Nd4 f5 31. Nxf5 Bf6 32.
Rg2 1-0

[Event "10th EICC"]
[Site "Budva MNE"]
[Date "2009.03.09"]
[Round "4"]
[White "Fedorchuk,S"]
[Black "Hillarp Persson,T"]
[Result "1/2-1/2"]
[WhiteElo "2633"]
[BlackElo "2586"]
[EventDate "2009.03.06"]

1. e4 c5 2. Nf3 e6 3. d4 cxd4 4. Nxd4 a6 5. Be2 Nf6 6. Nc3 Bb4 7. Qd3 d6 8.
O-O O-O 9. Rd1 Nbd7 10. Nb3 Ne5 11. Qd4 Nc6 12. Qe3 Qc7 13. Bd2 d5 1/2-1/2

[Event "10th EICC"]
[Site "Budva MNE"]
[Date "2009.03.09"]
[Round "4"]
[White "Van Wely,L"]
[Black "Banikas,H"]
[Result "1/2-1/2"]
[WhiteElo "2625"]
[BlackElo "2582"]
[EventDate "2009.03.06"]

1. d4 Nf6 2. c4 e6 3. Nc3 Bb4 4. Qc2 c5 5. dxc5 O-O 6. a3 Bxc5 7. Nf3 b6 8.
Bf4 Bb7 9. Rd1 Nc6 10. e3 Nh5 11. Bg3 Be7 12. Nb5 Nxg3 13. hxg3 h6 14. g4
Rc8 15. Qd2 d5 16. cxd5 Qxd5 17. Qxd5 exd5 18. Bd3 Rfd8 19. Nfd4 Nxd4 20.
Nxd4 1/2-1/2

[Event "10th EICC"]
[Site "Budva MNE"]
[Date "2009.03.09"]
[Round "4"]
[White "Gagunashvili,M"]
[Black "Meier,Geo"]
[Result "0-1"]
[WhiteElo "2585"]
[BlackElo "2608"]
[EventDate "2009.03.06"]

1. d4 e6 2. c4 Nf6 3. Nc3 Bb4 4. Qc2 O-O 5. a3 Bxc3+ 6. Qxc3 b6 7. Bg5 Bb7
8. Nh3 h6 9. Bh4 c5 10. dxc5 bxc5 11. Bxf6 Qxf6 12. Qxf6 gxf6 13. e3 Rc8
14. Be2 Kf8 15. O-O Nc6 16. Rfd1 Ke7 17. Nf4 Ne5 18. Rac1 a5 19. Nd3 Rab8
20. f4 Nxd3 21. Bxd3 Bc6 22. Rd2 Rb3 23. Rf1 f5 24. Rff2 h5 25. Rfe2 Rcb8
26. Bb1 Be4 27. Bxe4 fxe4 28. Kf2 f5 29. Kg3 Rd3 30. Kh4 Rbb3 31. Kxh5 Rxe3
32. Rxe3 Rxe3 33. g4 Rd3 34. Rg2 Rh3+ 35. Kg6 fxg4 36. f5 Rf3 37. fxe6 Kxe6
38. Kg5 Ke5 39. Kxg4 Rf7 40. h4 e3 41. h5 Ke4 42. h6 Kd3 43. Kh5 e2 44.
Rg3+ Kd2 45. Rg2 Kd1 46. Rg7 Rxg7 47. hxg7 e1=Q 48. g8=Q Qh1+ 49. Kg6 Qg2+
50. Kf7 Qxg8+ 51. Kxg8 Kc2 52. Kf7 Kxb2 53. Ke7 Kxa3 0-1

[Event "10th EICC"]
[Site "Budva MNE"]
[Date "2009.03.09"]
[Round "4"]
[White "Vallejo Pons,F"]
[Black "Nanu,C"]
[Result "1/2-1/2"]
[WhiteElo "2702"]
[BlackElo "2506"]
[EventDate "2009.03.06"]

1. e4 c6 2. d4 d5 3. e5 Bf5 4. Nf3 e6 5. Be2 Nd7 6. O-O h6 7. Nbd2 Ne7 8.
Nb3 Bh7 9. a4 Ng6 10. Be3 Be7 11. Nfd2 c5 12. f4 c4 13. Nc1 a6 14. Bg4 Nh4
15. Bf2 Qb6 16. Ra2 Nf5 17. c3 Qc6 18. Bh3 g5 19. g4 Ng7 20. fxg5 hxg5 21.
Bg2 Qc7 22. Bg3 Bg6 23. Nf3 Nf8 24. Qd2 Nh7 25. Ra1 Qd8 26. Ne2 Kd7 27. Bf2
Ne8 28. Be3 Nc7 29. Ng3 Rg8 30. b3 b5 31. axb5 axb5 32. Qb2 Bd3 33. Rfd1
Qb8 34. Bf1 Bg6 35. Nd2 Rxa1 36. Rxa1 f5 37. exf6 Nxf6 38. Bxg5 Nxg4 39.
Bxe7 Kxe7 40. bxc4 bxc4 41. Qa3+ Kd7 42. Bh3 Bf5 43. Nf3 Qb3 44. Qc1 Kc8
45. Bxg4 Rxg4 46. Ne5 Rg7 47. Ra7 1/2-1/2

[Event "10th EICC"]
[Site "Budva MNE"]
[Date "2009.03.09"]
[Round "4"]
[White "Zhigalko,S"]
[Black "Naiditsch,A"]
[Result "1/2-1/2"]
[WhiteElo "2587"]
[BlackElo "2693"]
[EventDate "2009.03.06"]

1. e4 e5 2. Nf3 Nc6 3. Bb5 Nf6 4. O-O Nxe4 5. d4 Nd6 6. Bxc6 dxc6 7. dxe5
Nf5 8. Qxd8+ Kxd8 9. Nc3 Ne7 10. h3 Ng6 11. b3 a5 12. Bb2 Nf4 13. Kh2 Bd7
14. Rad1 Ke8 15. g3 Ne6 16. Nh4 c5 17. f4 Bc6 18. Nd5 Bxd5 19. Rxd5 g6 20.
c4 a4 21. Nf3 Be7 22. Rfd1 h5 23. h4 Ra6 24. R5d3 Kf8 25. R1d2 Kg7 26. Rd7
Re8 27. Ne1 Kf8 28. Nc2 axb3 29. axb3 Ra2 30. Bc3 Rea8 31. R7d3 c6 32. Ne3
Rxd2+ 33. Rxd2 Ra3 34. Rb2 b5 35. Nc2 Ra8 36. Kg2 Rd8 37. Kf2 Nd4 38. cxb5
Nxc2 39. Rxc2 cxb5 40. Bd2 Rd3 41. Be3 Rxb3 42. Bxc5 Bxc5+ 43. Rxc5 b4 44.
Rc7 Rb1 45. Rb7 b3 46. Kg2 b2 47. Kh2 Ke8 48. Kg2 Kd8 49. Kh2 Kc8 50. Rb3
Kd7 51. Kg2 Ke6 52. Rb7 Kd5 53. Rb8 Kd4 54. Rb7 Ke4 55. Rb4+ Kf5 56. Kh2
Kg4 57. Rb3 Kf5 1/2-1/2

[Event "10th EICC"]
[Site "Budva MNE"]
[Date "2009.03.09"]
[Round "4"]
[White "Erdos,V"]
[Black "Timofeev,Arty"]
[Result "1/2-1/2"]
[WhiteElo "2582"]
[BlackElo "2671"]
[EventDate "2009.03.06"]

1. d4 d5 2. c4 e6 3. Nf3 Nf6 4. Bg5 h6 5. Bxf6 Qxf6 6. Nbd2 Nd7 7. Rc1 c6
8. g3 Bb4 9. Bg2 Nb6 10. b3 O-O 11. O-O Rd8 12. e3 Qe7 13. Qe2 c5 14. dxc5
Bxc5 15. Ne5 Bd6 16. Qh5 Qf6 17. Ng4 Qe7 18. Ne5 Qf6 19. Ng4 Qe7 20. Ne5
1/2-1/2

[Event "10th EICC"]
[Site "Budva MNE"]
[Date "2009.03.09"]
[Round "4"]
[White "Maze,S"]
[Black "Tomashevsky,E"]
[Result "1/2-1/2"]
[WhiteElo "2579"]
[BlackElo "2664"]
[EventDate "2009.03.06"]

1. e4 e5 2. Nf3 Nc6 3. d4 exd4 4. Nxd4 Bc5 5. Be3 Qf6 6. c3 Nge7 7. Bc4 Ne5
8. Be2 Qg6 9. O-O d6 10. f3 O-O 11. Kh1 Bb6 12. Nd2 f5 13. exf5 Nxf5 14.
Nxf5 Bxf5 15. Nc4 Nxc4 1/2-1/2

[Event "10th EICC"]
[Site "Budva MNE"]
[Date "2009.03.09"]
[Round "4"]
[White "Romanov,E"]
[Black "Sokolov,Iv NED"]
[Result "1/2-1/2"]
[WhiteElo "2576"]
[BlackElo "2657"]
[EventDate "2009.03.06"]

1. d4 d5 2. Nf3 Nf6 3. c4 c6 4. Qb3 e6 5. Bg5 Nbd7 6. Nc3 Qa5 7. Bd2 Qb6 8.
Qc2 Be7 9. e3 O-O 10. Bd3 dxc4 11. Bxc4 c5 12. O-O Qc7 13. e4 cxd4 14. Nb5
Qb8 15. Nbxd4 Ne5 16. Bb3 Bd7 17. Bg5 Ng6 18. Rad1 h6 19. Bc1 Rd8 20. Qe2
Bd6 21. g3 b5 22. Rfe1 Ng4 23. Nh4 Nxh4 24. Qxg4 Ng6 25. Qh5 Be8 26. Be3
Bb4 27. Rf1 Qe5 28. Qg4 a5 29. Bc2 Qc7 30. Qe2 Bc5 31. Bb1 Qb6 32. Nc2 b4
33. Bxc5 Qxc5 34. Qe3 Qc7 35. Nd4 Ne5 36. Kg2 Nc4 37. Qe2 Rac8 38. Nf3 Bb5
39. Rxd8+ Qxd8 40. Rc1 Nd6 41. Rxc8 Qxc8 42. Qd1 Qc7 43. e5 Nf5 44. g4 Ne7
45. Be4 Kf8 46. Qd4 Ke8 47. h4 Qc4 48. Qb6 Qxe4 49. Qb8+ Kd7 50. Qxb5+ Nc6
51. Qb7+ Ke8 52. Qa8+ Ke7 53. Qb7+ Ke8 54. Qa8+ 1/2-1/2

[Event "10th EICC"]
[Site "Budva MNE"]
[Date "2009.03.09"]
[Round "4"]
[White "Shomoev,A"]
[Black "Predojevic,B"]
[Result "1-0"]
[WhiteElo "2567"]
[BlackElo "2650"]
[EventDate "2009.03.06"]

1. d4 d5 2. c4 c6 3. Nc3 Nf6 4. e3 e6 5. Nf3 Nbd7 6. Bd3 dxc4 7. Bxc4 b5 8.
Bd3 a6 9. e4 c5 10. e5 Ng4 11. Be4 Ra7 12. Bg5 Qb6 13. Rc1 f5 14. exf6 gxf6
15. Bf4 f5 16. Bb1 Bb7 17. Qe2 cxd4 18. Bxf5 Ndf6 19. Bxg4 Nxg4 20. Nxd4
Bxg2 21. Qxg4 Qxd4 22. Rd1 Qg7 23. Qh5+ Qg6 24. Qe5 Re7 25. Rg1 Bg7 26. Qe3
b4 27. Ne2 Bxb2 28. Bg5 Qe4 29. Bxe7 Kxe7 30. Qg5+ Bf6 31. Qxg2 Bc3+ 32.
Kf1 1-0

[Event "10th EICC"]
[Site "Budva MNE"]
[Date "2009.03.09"]
[Round "4"]
[White "Kobalia,M"]
[Black "Kunin,V"]
[Result "1-0"]
[WhiteElo "2634"]
[BlackElo "2546"]
[EventDate "2009.03.06"]

1. e4 e5 2. Nf3 Nf6 3. d4 Nxe4 4. Bd3 d5 5. dxe5 Nc5 6. Be2 Be7 7. O-O O-O
8. Be3 Nc6 9. Nc3 Be6 10. Qc1 d4 11. Rd1 dxe3 12. Rxd8 exf2+ 13. Kh1 Raxd8
14. Qe3 Nd7 15. Qxf2 Bc5 16. Qg3 Nd4 17. Bd3 Nf5 18. Qh3 Nh6 19. Qh4 Rfe8
20. Ne4 Be7 21. Qf4 Bf5 22. Rf1 Nf8 23. Nf6+ Bxf6 24. exf6 Ne6 25. Qh4 Bxd3
26. cxd3 Nf5 27. Qe4 Nd6 28. Qh4 g6 29. g4 Kh8 30. Ne5 Rg8 31. Rf3 Nf4 32.
Qg5 Ne6 33. Qh6 Nf8 34. Qc1 Ne6 35. Qh6 Nf8 36. Rh3 c5 37. Qe3 b6 38. Nc6
Re8 39. Qf4 Re1+ 40. Kg2 Re6 41. Nd8 1-0

[Event "10th EICC"]
[Site "Budva MNE"]
[Date "2009.03.09"]
[Round "4"]
[White "Sjugirov,S"]
[Black "Nikolic,Pr"]
[Result "1-0"]
[WhiteElo "2562"]
[BlackElo "2623"]
[EventDate "2009.03.06"]

1. e4 e5 2. Nf3 Nc6 3. Bb5 a6 4. Ba4 Nf6 5. O-O Be7 6. Re1 b5 7. Bb3 d6 8.
c3 O-O 9. h3 Be6 10. d4 Bxb3 11. axb3 exd4 12. cxd4 Nb4 13. Nc3 c5 14. Bg5
Re8 15. Qd2 h6 16. Bh4 Nd7 17. Bxe7 Rxe7 18. Nh4 g6 19. Nf3 Qf8 20. h4 Rae8
21. Rad1 Qg7 22. h5 g5 23. e5 dxe5 24. dxc5 a5 25. Ne4 f5 26. Nd6 Rf8 27.
c6 Nb8 28. Nxe5 1-0

[Event "10th EICC"]
[Site "Budva MNE"]
[Date "2009.03.09"]
[Round "4"]
[White "Kovacevic,A"]
[Black "Papaioannou,I"]
[Result "1/2-1/2"]
[WhiteElo "2543"]
[BlackElo "2609"]
[EventDate "2009.03.06"]

1. e4 c5 2. Nf3 d6 3. d4 cxd4 4. Nxd4 Nf6 5. Nc3 a6 6. Be3 e5 7. Nf3 Be7 8.
Bc4 O-O 9. O-O Nc6 10. Bg5 Nd7 1/2-1/2

[Event "10th EICC"]
[Site "Budva MNE"]
[Date "2009.03.09"]
[Round "4"]
[White "Lupulescu,C"]
[Black "Lopez Martinez,Josep"]
[Result "1/2-1/2"]
[WhiteElo "2608"]
[BlackElo "2540"]
[EventDate "2009.03.06"]

1. e4 e5 2. Nf3 Nc6 3. Bb5 a6 4. Ba4 Nf6 5. O-O Be7 6. Re1 b5 7. Bb3 d6 8.
c3 O-O 9. h3 Nb8 10. d4 Nbd7 11. Nbd2 Bb7 12. Bc2 Re8 13. a4 Bf8 14. Bd3 c6
15. Nf1 g6 16. Ng3 Bg7 17. Qc2 Qc7 18. b3 d5 19. Ba3 dxe4 20. Bxe4 Rac8 21.
axb5 axb5 22. Bd3 Nd5 23. c4 1/2-1/2

[Event "10th EICC"]
[Site "Budva MNE"]
[Date "2009.03.09"]
[Round "4"]
[White "Parligras,M"]
[Black "Djukic,Ni"]
[Result "1/2-1/2"]
[WhiteElo "2605"]
[BlackElo "2500"]
[EventDate "2009.03.06"]

1. e4 c5 2. Nf3 Nc6 3. d4 cxd4 4. Nxd4 Qc7 5. Nc3 e6 6. Be3 a6 7. Qd2 Nf6
8. O-O-O Bb4 9. f3 Ne5 10. Nb3 b5 11. Qe1 Be7 12. f4 Ng6 13. e5 Ng4 14. Ne4
O-O 15. Bc5 Bb7 16. h3 Nh6 17. Bxe7 Nxe7 18. Bd3 Nd5 19. Rf1 f6 20. Nd6
fxe5 21. Nxb7 Qxb7 22. Qxe5 Nf7 23. Qh5 Nf6 24. Qh4 d5 25. Nd4 Rfe8 26.
Rfe1 e5 27. fxe5 Rxe5 28. Nf3 Rxe1 29. Rxe1 Qd7 30. g4 Re8 31. g5 Rxe1+ 32.
Qxe1 Ne8 33. Bf5 Qd8 34. Qe6 g6 35. Bg4 Nc7 36. Qe3 Kf8 37. h4 Qe7 38. Qb6
Qd6 39. Qxd6+ Nxd6 40. Kd2 Nf7 41. Kc3 Ke7 42. Kb4 Kd6 43. Bc8 Kc6 44. a4
bxa4 45. Kxa4 Nd6 46. Bh3 Nc4 47. b4 Ne3 48. Kb3 Kd6 49. Kc3 Nb5+ 50. Kd3
Nc4 51. h5 gxh5 52. Bf5 Ne5+ 53. Nxe5 Kxe5 54. Bxh7 h4 55. Ke3 Nd4 56. Bd3
h3 57. Kf2 Nc6 58. c3 d4 59. cxd4+ Nxd4 60. Kg3 h2 61. Kxh2 Nf3+ 62. Kg3
Nxg5 63. Bxa6 Ne4+ 64. Kf3 Nc3 65. b5 Nxb5 66. Bxb5 1/2-1/2

[Event "10th EICC"]
[Site "Budva MNE"]
[Date "2009.03.09"]
[Round "4"]
[White "Kurnosov,I"]
[Black "Anisimov,P2"]
[Result "1-0"]
[WhiteElo "2602"]
[BlackElo "2488"]
[EventDate "2009.03.06"]

1. e4 c5 2. Nf3 d6 3. d4 cxd4 4. Nxd4 Nf6 5. Nc3 a6 6. Bg5 e6 7. f4 Nbd7 8.
Bc4 Qb6 9. Bxf6 Nxf6 10. Bb3 Qc5 11. Qd3 Be7 12. O-O-O e5 13. Nf5 Bxf5 14.
exf5 O-O 15. g4 exf4 16. Rhe1 Bd8 17. g5 Ng4 18. Ne4 Qa5 19. f6 gxf6 20.
gxf6 Kh8 21. Qh3 Nxf6 22. Qh6 Nd7 23. Rg1 Qe5 24. Rd5 1-0

[Event "10th EICC"]
[Site "Budva MNE"]
[Date "2009.03.09"]
[Round "4"]
[White "Drazic,S"]
[Black "Azarov,S"]
[Result "1/2-1/2"]
[WhiteElo "2513"]
[BlackElo "2600"]
[EventDate "2009.03.06"]

1. c4 Nf6 2. Nc3 c5 3. Nf3 e6 4. g3 b6 5. Bg2 Bb7 6. O-O Be7 7. b3 O-O 8.
Bb2 d6 9. d4 cxd4 10. Nxd4 Bxg2 11. Kxg2 1/2-1/2

[Event "10th EICC"]
[Site "Budva MNE"]
[Date "2009.03.09"]
[Round "4"]
[White "Bartel,Mat"]
[Black "Spoelman,W"]
[Result "1/2-1/2"]
[WhiteElo "2594"]
[BlackElo "2493"]
[EventDate "2009.03.06"]

1. c4 e5 2. Nc3 Nf6 3. g3 d5 4. cxd5 Nxd5 5. Bg2 Nb6 6. Nf3 Nc6 7. O-O Be7
8. d3 O-O 9. a3 a5 10. Be3 Be6 11. Rc1 Re8 12. Na4 e4 13. Ne1 Nd5 14. Bxe4
Nxe3 15. fxe3 Bg5 16. Ng2 Bxe3+ 17. Nxe3 Qd4 18. Qd2 Qxa4 19. Rf4 Qb5 20.
Rcf1 Rad8 21. Rh4 h6 22. Bxc6 Qxc6 23. Qxa5 Bb3 24. Qd2 Qb6 25. Rb4 Qxe3+
26. Qxe3 Rxe3 27. Rxb3 Rxe2 28. Rxb7 Rxd3 29. Rf2 Re7 30. a4 Rd1+ 31. Kg2
Ra1 32. b3 g5 33. Rc2 Ra3 34. Kf3 f5 35. Rc5 Re4 36. Rxf5 Rexa4 37. Rc5 Ra7
38. Rxa7 Rxa7 39. b4 Kf7 40. Ke4 Ke6 41. Rc6+ Kd7 42. Rxh6 Ra4 43. Kf5 Rxb4
44. Kxg5 c5 45. Rf6 c4 46. Kf4 Rb2 47. Ke3 1/2-1/2

[Event "10th EICC"]
[Site "Budva MNE"]
[Date "2009.03.09"]
[Round "4"]
[White "Mastrovasilis,A"]
[Black "Damljanovic,B"]
[Result "1-0"]
[WhiteElo "2486"]
[BlackElo "2587"]
[EventDate "2009.03.06"]

1. Nf3 c5 2. c4 Nf6 3. g3 b6 4. Bg2 Bb7 5. O-O e6 6. Nc3 Be7 7. d4 cxd4 8.
Qxd4 Nc6 9. Qf4 O-O 10. Rd1 d6 11. b3 Qb8 12. Ba3 Rd8 13. Nb5 e5 14. Qe3 a6
15. Nc3 b5 16. Nd5 b4 17. Bb2 Nxd5 18. cxd5 Na7 19. Nd4 Rc8 20. Rac1 Rxc1
21. Rxc1 exd4 22. Qxe7 Nb5 23. Rc4 a5 24. Bxd4 Nxd4 25. Rxd4 Ba6 26. Re4
Qf8 27. Bh3 g6 28. Qxf8+ Kxf8 29. Bd7 f5 30. Re6 Rd8 31. Bc6 Kf7 32. f4 Bc8
33. Re3 h6 34. Kf2 g5 35. Rd3 Ba6 36. Rd2 gxf4 37. gxf4 Rg8 38. Bd7 Rg4 39.
Kf3 Kf6 40. e4 Rg1 41. Bxf5 Rf1+ 42. Rf2 Rc1 43. Bd7 h5 44. Kg3 Bd3 45. Bf5
Rc2 46. Rxc2 Bxc2 47. Kf3 Bb1 48. Bd7 Bxa2 49. Ba4 Bb1 50. Ke3 Bc2 51. h4
Bd1 52. Kd4 Bc2 53. e5+ Ke7 54. Kc4 Be4 55. Bc6 Bc2 56. Kb5 Bxb3 57. Kxa5
1-0

[Event "10th EICC"]
[Site "Budva MNE"]
[Date "2009.03.09"]
[Round "4"]
[White "Akopian,Vl"]
[Black "Safarli,E"]
[Result "1/2-1/2"]
[WhiteElo "2700"]
[BlackElo "2564"]
[EventDate "2009.03.06"]

1. e4 c5 2. Nf3 d6 3. d4 cxd4 4. Nxd4 Nf6 5. Nc3 a6 6. Be3 Ng4 7. Bg5 h6 8.
Bh4 g5 9. Bg3 Bg7 10. h3 Ne5 11. f3 Nbc6 12. Bf2 Ng6 13. Qd2 Nxd4 14. Bxd4
Bxd4 15. Qxd4 Be6 16. h4 gxh4 17. Rxh4 Qa5 18. Rh1 Qg5 19. Ne2 O-O-O 20. g3
Qa5+ 21. Qc3+ Qxc3+ 22. Nxc3 h5 23. f4 Bg4 24. Be2 e6 25. Rd1 Bxe2 26. Kxe2
h4 27. f5 exf5 28. exf5 Rde8+ 29. Kd2 Ne5 30. gxh4 Rxh4 31. Rxh4 Nf3+ 32.
Kc1 Nxh4 33. Rxd6 Nxf5 34. Rf6 Nd4 35. Rxf7 Ne2+ 36. Kd2 Nxc3 37. Kxc3 Re3+
38. Kb4 Re2 39. Kb3 Re3+ 40. c3 Re2 41. a3 Kb8 42. c4 Ka7 43. c5 Kb8 44.
Kc3 Rh2 45. b3 Rh4 46. Rd7 Kc8 47. Rd4 Rh3+ 48. Rd3 Rh4 49. b4 Kc7 50. Rf3
Kc6 51. Kb3 Kb5 52. a4+ Kc6 53. Rf6+ Kc7 54. b5 axb5 55. axb5 Rg4 56. Kc3
Rh4 57. Rd6 Rg4 58. Rd4 Rg1 59. Rf4 Rc1+ 60. Kb4 Rb1+ 61. Kc4 Rc1+ 62. Kd5
Rd1+ 63. Rd4 Rc1 64. b6+ Kd7 65. Rd2 Rh1 66. Kc4+ Kc8 67. Rd6 Rh4+ 68. Kb5
Rh1 69. Rg6 Rb1+ 70. Kc4 Rc1+ 71. Kd5 Rd1+ 72. Ke6 Re1+ 73. Kd6 Rd1+ 74.
Ke7 Re1+ 75. Re6 Rc1 76. Re5 Rc2 77. Kd6 Rd2+ 78. Rd5 Rc2 79. Rd1 Rh2 80.
Rg1 Rd2+ 81. Ke6 Re2+ 82. Kd5 Rd2+ 83. Kc4 Rd8 84. Rg7 Kb8 85. Rg5 Kc8 86.
Rd5 Rh8 87. Rg5 Rd8 88. Rg1 Kb8 89. Rg6 Kc8 90. Rd6 Rxd6 91. cxd6 Kd7
1/2-1/2

[Event "10th EICC"]
[Site "Budva MNE"]
[Date "2009.03.09"]
[Round "4"]
[White "Nijboer,F"]
[Black "Dreev,A"]
[Result "1/2-1/2"]
[WhiteElo "2560"]
[BlackElo "2688"]
[EventDate "2009.03.06"]

1. e4 c5 2. Nf3 d6 3. d4 Nf6 4. Nc3 cxd4 5. Nxd4 Nc6 6. Bg5 Bd7 7. Be2 Qa5
8. Bxf6 gxf6 9. O-O Rg8 10. Nd5 Bh3 11. Bf3 Ne5 12. Nf4 Bd7 13. Nd5 Bh3 14.
Nf4 Bd7 15. Nd5 Bh3 1/2-1/2

[Event "10th EICC"]
[Site "Budva MNE"]
[Date "2009.03.09"]
[Round "4"]
[White "Jovanovic,Zo CRO"]
[Black "Vitiugov,N"]
[Result "0-1"]
[WhiteElo "2558"]
[BlackElo "2687"]
[EventDate "2009.03.06"]

1. e4 e5 2. Nf3 Nc6 3. Bc4 Nf6 4. d3 Be7 5. O-O O-O 6. Re1 d6 7. a4 h6 8.
c3 Nh7 9. a5 a6 10. d4 Ng5 11. Nbd2 Bf6 12. dxe5 Nxe5 13. Nxe5 Bxe5 14. Nf3
Bg4 15. Be2 Bxf3 16. Bxf3 Nxf3+ 17. Qxf3 Qd7 18. Qd3 Qb5 19. c4 Qc6 20. Re2
b5 21. axb6 cxb6 22. Be3 Rfc8 23. Rc1 b5 24. b3 bxc4 25. Rxc4 Qb5 26. Rxc8+
Rxc8 27. Qxb5 axb5 28. Re1 Rc2 29. f4 Bf6 30. Rd1 Rc3 31. Kf2 Rxb3 32. Rxd6
Bc3 33. Rd8+ Kh7 34. Rd7 f6 35. Bd2 b4 36. Bxc3 Rxc3 37. Ke2 b3 38. Rd2 Rc4
39. Kd3 Rb4 40. Rb2 Kg6 41. g3 h5 42. Ke3 Kf7 43. h4 Ke7 44. Kf3 Kd6 45. g4
Kc5 46. gxh5 Kd4 47. Kg4 Kxe4 48. h6 gxh6 49. f5 Ke5+ 50. Kh5 Kxf5 51. Rxb3
Ke5 0-1

[Event "10th EICC"]
[Site "Budva MNE"]
[Date "2009.03.09"]
[Round "4"]
[White "Tiviakov,S"]
[Black "Ruck,R1"]
[Result "1-0"]
[WhiteElo "2684"]
[BlackElo "2558"]
[EventDate "2009.03.06"]

1. e4 c6 2. d4 d5 3. Nd2 dxe4 4. Nxe4 Bf5 5. Ng3 Bg6 6. Bc4 Nf6 7. N1e2
Nbd7 8. Nf4 e5 9. Nxg6 hxg6 10. O-O Be7 11. dxe5 Nxe5 12. Bb3 Qxd1 13. Rxd1
O-O 14. Re1 Bd6 15. Bg5 Ned7 16. Rad1 Bc5 17. Re2 Rfe8 18. Red2 Nf8 19. h3
Re7 20. Kf1 Rae8 21. Rd3 N8h7 22. Bc1 Nf8 23. a3 N8d7 24. Bf4 Nf8 25. Ba2
a5 26. Bd2 a4 27. Bg5 N8h7 28. Bc1 Nf8 29. Rc3 Rd7 30. Rxd7 N8xd7 31. Rd3
Bb6 32. Rd1 Nc5 33. Be3 Kf8 34. Ne2 Ncd7 35. Bf4 Bc5 36. g4 Nb6 37. Nc3 Ne4
38. Nxe4 Rxe4 39. Bg5 f6 40. Bc1 g5 41. c3 Re5 42. Rd8+ Re8 43. Rd3 Re5 44.
Rd8+ Re8 45. Rd1 Re5 46. Bb1 Nc4 47. Bf5 Ke8 48. Rd3 Rd5 49. Rxd5 cxd5 50.
Bc8 Nd6 51. Be6 d4 52. c4 d3 53. Bd5 Bd4 54. Ke1 b6 55. Kd2 Bxf2 56. Bc6+
Ke7 57. Kxd3 Nf7 58. Bxa4 Ne5+ 59. Ke2 Bd4 60. Bb5 Kd6 61. b4 Kc7 62. Bd2
Bb2 63. a4 Bd4 64. a5 bxa5 65. bxa5 g6 66. a6 Kb6 67. Bb4 f5 68. c5+ Ka7
69. c6 Bb6 70. Bd6 Nf7 71. Bg3 f4 72. Be1 Ne5 73. Bc3 f3+ 74. Kf1 Nf7 75.
Bb4 Nd8 76. Bd6 Ne6 77. Bc4 Nc7 78. Be7 Nxa6 79. Bxg5 Nb4 80. Bf7 Nxc6 81.
Bxg6 Ne5 82. Be4 Bd4 83. Bf4 Kb6 84. g5 Kc5 85. g6 Nxg6 86. Bxg6 Kd5 87.
Bf5 Be5 88. Bg5 Bd4 89. Bc8 Ke5 90. h4 Kd6 91. Bg4 f2 92. Ke2 Kd5 93. Bh3
Ke4 94. h5 Kd5 95. Kf3 Ke5 96. h6 f1=Q 97. Bxf1 Kf5 98. Bd2 Kg6 99. Kg4 Kh7
100. Bd3+ Kh8 101. Kg5 Kg8 102. Kg6 Be5 103. Bc4+ Kh8 104. Bb4 Bd6 105.
Bc3+ 1-0